Statistics for Destiny Exotic Weapons

Click here to take the quiz!

General Stats

  • This quiz has been taken 143 times
  • The average score is 22 of 43

Answer Stats

Answer % Correct
Year 1 PrimaryThorn
88%
Year 2 PrimaryThe Last Word
84%
Year 1 HeavyGjallarhorn
83%
Year 2 PrimarySUROS Regime
78%
Year 1 SpecialIce Breaker
77%
Year 2 PrimaryHawkmoon
74%
Year 2 PrimaryMIDA Multi-Tool
70%
Year 2 PrimaryRed Death
67%
Year 2 PrimaryAce of Spades
65%
Year 1 PrimaryVex Mythoclast
64%
Year 2 HeavyThunderlord
63%
Year 2 HeavyTruth
62%
Year 2 SpecialPlan C
56%
Year 2 SpecialDreg's Promise
56%
Year 2 SpecialQueenbreaker's Bow
56%
Year 2 HeavyRaze-Lighter
55%
Year 2 HeavyDark-Drinker
53%
Year 2 PrimaryBad JuJu
53%
Year 2 SpecialLord of Wolves
53%
Year 2 HeavyDragon's Breath
51%
Year 2 SpecialInvective
51%
Year 1 PrimaryNecrochasm
50%
Year 2 PrimaryNo Land Beyond
49%
Year 2 HeavyBolt-Caster
48%
Year 2 PrimaryMonte Carlo
47%
Year 2 HeavySuper Good Advice
47%
Year 2 PrimaryTlaloc
45%
Year 1 SpecialPocket Infinity
44%
Year 2 PrimaryZhalo Supercell
44%
Year 2 SpecialBlack Spindle
43%
Year 2 PrimaryHard Light
43%
Year 2 PrimaryFabian Strategy
41%
Year 2 HeavySleeper Simulant
38%
Year 2 SpecialTelesto
37%
Year 2 PrimaryTouch of Malice
36%
Year 2 PrimaryUniversal Remote
36%
Year 2 PrimaryThe First Curse
36%
Year 2 PrimaryNo Time To Explain
33%
Year 2 SpecialThe 4th Horseman
30%
Year 2 SpecialThe Chaperone
27%
Year 2 PrimaryBoolean Gemini
22%
Year 2 SpecialHereafter
20%
Year 2 SpecialPatience & Time
3%

Score Distribution

Percentile by Number Answered

Percent of People with Each Score

Your Score History

You have not taken this quiz